|
|
|
|
| LEADER |
00713cam a2200205 7i4500 |
| 001 |
0000015444 |
| 005 |
20091006090000.0 |
| 008 |
070605 bm |
| 020 |
|
|
|a 9789836273208
|
| 020 |
|
|
|a 9836273204 (pbk.)
|
| 090 |
0 |
0 |
|a QA152.3
|b .I46 2005
|
| 100 |
0 |
|
|a Ismail Mohd
|
| 245 |
1 |
0 |
|a Teori dan penggunaaan algebra mudah
|c Ismail b. Mohd.
|
| 260 |
|
|
|a Kuala Lumpur:
|b DBP,
|c 2005.
|
| 300 |
|
|
|a xi, 416 p.:
|b ill.;
|c 22 cm.
|
| 490 |
0 |
|
|a Matematik untuk sains kemasyarakatan dan perniagaan
|
| 504 |
|
|
|a Includes bibliographical references and index
|
| 650 |
0 |
0 |
|a Algebra
|
| 999 |
|
|
|a 0000019186
|b BOK
|c OPEN SHELF
|e 1st Floor, Shah Alam
|
| 999 |
|
|
|a 0000019187
|b BOK
|c OPEN SHELF
|e 2nd Floor, Bestari Jaya
|